Surnames - Multiple Choice #5 - Statistics

General Stats
  • This quiz has been taken 13 times
  • The average score is 9 of 15
Answer Stats
Question Answer % Correct
Eriksen Danish
100%
Lemieux French
100%
Papachristodoulopoulos Greek
100%
Chaudhri Indian
100%
Mancini Italian
100%
Popovski Macedonian
100%
Kopitar Slovene
100%
Seferović Bosnian
50%
Nowak Polish
50%
Chayka Ukrainian
50%
Ergashev Uzbek
50%
Sultan Arabic
0%
Kolarov Bulgarian
0%
Leal Spanish
0%
Bagaoisan Tagalog
0%
No matching quizzes found
Score Distribution
Percent of People with Each Score
Percentile by Number Answered
Your Score History
You have not taken this quiz